MDQL
is popping MORE tags! Check the
thread
!
Quizzes
Events
Quiz Creation
Community
Videos
Private Events
Remove Ads
Sign In
Join for FREE
Feedback
Dark Mode
Quiz Categories
Sports
Geography
Music
Movies
Television
Just For Fun
Miscellaneous
History
Literature
Language
Science
Gaming
Entertainment
Religion
Holiday
For Kids
Quiz Lab
Recent
Popular Today
Quiz Kudos Today
Editor Picks
Curator Picks
Quizzes by...
Day
Popularity
Type
Ratings
Length
Year
Community
Subscriptions
Recent Discussions
Orange Saloon
Badges
Playlists
Quests
Create
Leaderboards
Showdown
Live 5
Trivia Bingo
Activity
Puzzle Library
Sporcle Events
Private Events
Virtual Trivia
Globe League
Become a Host
Pub Owners
SporcleCon
Opinionation
Our Games
Videos
Blog
Mobile Apps
Partnerships
Remove Ads and Go Orange
Feedback
Music
Pop Music
The Beatles
Song
Album
Lyrics
Bands
Singers
Artist
Clip
Rock
Rap
Classical
Billboard
Country Music
Kpop
Taylor Swift
Music
Pop Music
The Beatles
Song
Album
Lyrics
Bands
Singers
Artist
Clip
Rock
Rap
Classical
Billboard
Country Music
Kpop
Taylor Swift
Random Quiz
Search Sporcle
×
Quiz Lab
Quiz Lab
Music
group
Type in answers that appear in a list
Type in answers that appear in a list
Classic
Best Score? Go Orange.
Every ICCA Champion Stats
Can you name the every ICCA Champion?
By
acappellablog
10m
16 Questions
34 Plays
34 Plays
34 Plays
Comments
Comments
Give Quiz Kudos
Give Quiz Kudos
-
- Ratings
hide this ad
More Info
Replay
Link that replays current quiz
Next Quiz
Link to next quiz in quiz playlist
You Got
0%
They Got
Avg Score
48%
Avg Friend Score
Upgrade to see
Score Distribution
Jump to the score distribution portion of the page
Score
0/16
Timer
10:00
0
Plays Today
Year
Group
% Correct
2008
University of Southern California SoCal VoCals
100%
2010
University of Southern California SoCal VoCals
100%
2012
University of Southern California SoCal VoCals
100%
2011
Berklee College of Music Pitch Slapped
73.5%
2009
Mt. San Antonio College Fermata Nowhere
61.8%
2006
Brigham Young University Vocal Point
52.9%
2007
Brigham Young University Noteworthy
52.9%
1998
UC Berkeley Men's Octet
38.2%
Year
Group
% Correct
2000
UC Berkeley Men's Octet
38.2%
2004
Millikin University OneVoice
32.4%
2005
Boston University Dear Abbeys
32.4%
1996
UNC Loreleis
29.4%
2003
Binghamton Crosbys
23.5%
1997
Stanford University Talisman
17.6%
2001
Millikin University Chapter 6
11.8%
2002
University of Michigan Compulsive Lyres
11.8%
Quiz Playlist
Details
Report
Send in Message
Add To Playlist
More Info:
From 1996 to 2012, Varsity Vocals has crowned 16 ICCA Champions. Answers need not be in order.
Classic:
Type in answers that appear in a list
Quiz Source
Last Updated: Feb 16, 2017
Quiz Scoreboard
CHALLENGE
Sign Up to Join the Scoreboard
Show All
Scores
Hide
Comments
May contain spoilers
Recently Published
Image Sorting: Flags VI
by Barbecue
Geography
2m
Find the 'City' Movie
by crazypaving
Movies
60s
Colored Red Africa Blitz
by spor1
Geography
45s
More to Explore
Quiz From the Vault
Featured Blog Post
14 Easter Pick-up Lines to Find Eggs With
hide this ad
You Might Also Like...
Tags
champion
group
icca
Today's Top Quizzes in Music
Browse Music
hide this ad
Today's Top Quizzes in group
Browse group
Top Contributed Quizzes in Music
1
5X2 Blitz: Bands II
2
5X2 Blitz: The Beatles
3
Taylor Swift All Songs (2024)
4
5X2 Blitz: Billboard
5
5X2 Blitz: Billboard II
6
5X2 Blitz: Album
7
Taylor Swift Logic Puzzle II
8
5X2 Blitz: Singers
9
5X2 Blitz: Rock
10
5X2 Blitz: Lyrics
Explore More
Trending Topics
Anime
Kpop
Crossword
Marvel
Harry Potter
NBA
Disney
NFL
Puzzle
Country
Song
The Office
Soccer
WWE
Pokémon
hide this ad
More By:
acappellablog
Quiz
Plays
Rating
Category
Featured
Created
8 Celebs Who Were in A Cappella Groups
582
1.00
Music
Jun 18, 2012
A Cappella Trivia A-Z
137
4.00
Music
Jun 18, 2012
Gimme Five for A cappella
39
Music
Sep 8, 2012
Artists Covered on The Sing-Off, Season 3
37
4.00
Music
Jun 20, 2012
Every ICCA Champion
34
Music
Jun 17, 2012
Go to Creator's Profile
Score Distribution
Quiz Creator Spotlight
acappellablog
Follow
Send a Message
Quizzes Created
-
Created Quiz Play Count
-
More By This Creator
Popular Quizzes Today
1
Colored Red Africa Blitz
2
Find the US States - No Outlines Minefield
3
Find the 'City' Movie
4
5x2 Blitz: Bands
5
The Countries of the World
6
Find the US States
7
Find the Countries of Europe - No Outlines Minefield
8
US States
More Music Quizzes
K-Pop Trivia Grab Bag: Lists of Seven
Quiz Lab
Trending Quizzes
Colored Red Europe Blitz I
Colored Red Europe Blitz II
Colored Red Africa Blitz II
Colored Red Europe Blitz III
Colored Red Africa Blitz III
Recently Updated
How Do You Spell That?
pecheneg
Godzilla Movies
pecheneg
Grab Bag: 4-10 Letters
pecheneg
2024 March Madness Bracket
pecheneg
Famous TV Couples
Peacemaker
Champions League XIs: Real Madrid
pecheneg
Largest US Cities 1790-2010
pecheneg
Rides in Walt Disney World
pecheneg
Most Oscar Losses (Acting)
pecheneg
Beyoncé Albums
pecheneg
Trending Topics
Crossword
Disney
Marvel
Harry Potter
Anime
Kpop
NBA
Soccer
Song
Pokémon
WWE
Country
Puzzle
NFL
The Office
Your Account Isn't Verified!
In order to create a playlist on Sporcle, you need to verify the email address you used during registration. Go to your
Sporcle Settings
to finish the process.
Report this User
Report this user for behavior that violates our
Community Guidelines
.
Details:
Send Report
Go to the Sporcle.com Mobile Site →
Comments